Generace Y převrátí prodej finančních produktů naruby aneb vratké vize finančních akademiků
Alternatívna prognóza zmien na finančnom trhu. Generácia Y, ako "the cheapest generation". Nákupné zvyklosti mladej generácie a distribučné služby vo finančníctve. Nástup online distribúcie a odporúčania do budúcnosti.
Saved in:
| Main Author: | |
|---|---|
| Format: | Book Chapter |
| Language: | Czech |
| Subjects: | |
| Tags: |
No Tags, Be the first to tag this record!
|
MARC
| LEADER | 00000naa a2200000 4500 | ||
|---|---|---|---|
| 001 | 0201911 | ||
| 005 | 20231211083649.3 | ||
| 041 | 0 | |a cze | |
| 044 | |a CZ | ||
| 245 | 1 | 0 | |a Generace Y převrátí prodej finančních produktů naruby aneb vratké vize finančních akademiků |c Jiří Šindelář |
| 520 | |a Alternatívna prognóza zmien na finančnom trhu. Generácia Y, ako "the cheapest generation". Nákupné zvyklosti mladej generácie a distribučné služby vo finančníctve. Nástup online distribúcie a odporúčania do budúcnosti. | ||
| 610 | 2 | 0 | |a trh finančný |
| 610 | 2 | 0 | |a bankovníctvo |
| 610 | 2 | 0 | |a rozhodovanie finančné |
| 610 | 2 | 0 | |a služby investičné |
| 610 | 2 | 0 | |a poradenstvo finančné |
| 610 | 2 | 0 | |a financie osobné |
| 610 | 2 | 0 | |a generácie |
| 100 | 1 | |a Šindelář, Jiří | |